[Event "TUR-ch Seniors 65"]
[Site "Ankara"]
[Date "2023.05.20"]
[Round "2"]
[White "Bagci, Hikmet"]
[Black "Uysalli, Zuhtu"]
[Result "1-0"]
[WhiteElo "1565"]
[BlackElo "1022"]
[PlyCount "107"]
[EventDate "2023.05.19"]
[EventType "swiss"]
[EventRounds "9"]
[EventCountry "TUR"]
[SourceTitle "CBM 214 Extra"]
[Source "ChessBase"]
[SourceDate "2023.07.31"]
[SourceVersion "1"]
[SourceVersionDate "2023.07.31"]
[SourceQuality "1"]

1. e4 e5 2. Nf3 Nc6 3. Bb5 d6 4. 0-0 Nf6 5. Re1 Be7 6. c3 Bg4 7. h3 Bd7 8. d4 exd4 9. cxd4 0-0 10. Nbd2 h6 11. Nf1 a6 12. Ba4 Nh7 13. N1h2 b5 14. Bb3 Na5 15. Bc2 Ng5 16. Nxg5 Bxg5 17. Nf3 Be7 18. e5 d5 19. Qd3 g6 20. Bxh6 Bf5 21. Qe2 Qd7 22. Bxf5 Qxf5 23. g4 Qe6 24. Bxf8 Rxf8 25. b3 Bb4 26. Rec1 c6 27. Qd3 Be7 28. Kg2 Nb7 29. a4 bxa4 30. Qxa6 Nd8 31. bxa4 f5 32. g5 f4 33. Kh2 Kg7 34. Rg1 Nf7 35. Rac1 Nd8 36. Rg4 Rh8 37. Kg2 Ba3 38. Rh1 Qd7 39. Rxf4 Ne6 40. Rg4 c5 41. Qd3 Qxa4 42. Ra1 c4 43. Qxa3 Qxa3 44. Rxa3 Rf8 45. Kg3 Rc8 46. Rc3 Rb8 47. Ng1 Rb3 48. Ne2 Nc7 49. Rxb3 cxb3 50. Nc3 b2 51. Kf3 Nb5 52. Nb1 Kf7 53. Ke3 Ke6 54. Rf4 1-0